| 000 | 00753nam a2200217Ia 4500 | ||
|---|---|---|---|
| 005 | 20211108100419.0 | ||
| 008 | 130821s1956 xxu fr eng d | ||
| 040 |
_aCo-BoUCM _bspa _cSaul Niño (Modificó) _d[Nuevo] |
||
| 041 | 0 | _aeng | |
| 100 | 1 |
_aAusten, Jane _d1775-1817 _984531 |
|
| 245 | 1 | 0 |
_aPride and prejudice _cJane Austen |
| 260 |
_aBoston (Massachusetts, Estados Unidos) _bThe Riverside Press Cambridge _c1956 |
||
| 300 | _a291 páginas | ||
| 490 | 0 |
_aRiverside Editions _aFiction _v1 |
|
| 490 | 0 | _aThe Heritage of Literature Series | |
| 650 | 0 | 4 |
_aLiteratura inglesa _9272 |
| 650 | 0 | 4 |
_aNovela inglesa _920530 |
| 690 | 0 |
_aLiteratura europea _926524 |
|
| 942 |
_cLIBRO _a18 _e1 _mA933pri _2DEWEY _h823.74 |
||
| 999 |
_c5044 _d5044 |
||